Análisis y Diseño de Estructuras Sismorresistentes en Zonas Vulnerables. / (Registro nro. 24184)

Detalles MARC
000 -LEADER
fixed length control field 02427nam a22002897a 4500
003 - CONTROL NUMBER IDENTIFIER
control field DO-CoUTE
005 - DATE AND TIME OF LATEST TRANSACTION
control field 20260511144536.0
008 - FIXED-LENGTH DATA ELEMENTS--GENERAL INFORMATION
fixed length control field 260511b dr ||||| |||| 00| 0 spa d
040 ## - CATALOGING SOURCE
Original cataloging agency DO-CoUTE
Language of cataloging spa
Transcribing agency DO-CoUTE
041 ## - LANGUAGE CODE
Language code of text/sound track or separate title spa
092 ## - LOCALLY ASSIGNED DEWEY CALL NUMBER (OCLC)
Classification number ING 2026 N85
100 1# - MAIN ENTRY--PERSONAL NAME
Personal name Núñez Núñez, José Osvaldo
Relator term Sustentante
245 10 - TITLE STATEMENT
Title Análisis y Diseño de Estructuras Sismorresistentes en Zonas Vulnerables. /
Statement of responsibility, etc. José Osvaldo Núñez Núñez, Bryan Emmanuel Sánchez Vargas, Luis Ángel Díaz Rosario, Dilbania Mercedes Reynoso Santiago ; Asesor, Luis Manuel Núñez.
260 ## - PUBLICATION, DISTRIBUTION, ETC.
Place of publication, distribution, etc. Cotuí, República Dominicana ;
Name of publisher, distributor, etc. UTECO,
Date of publication, distribution, etc. 2026
300 ## - PHYSICAL DESCRIPTION
Extent 81 Hojas :
Other physical details Graficos,
Dimensions 23cm,
Accompanying material + 1 CD-ROM
502 ## - DISSERTATION NOTE
Dissertation note Trabajo de Grado (Ingeniero Civil ) Universidad Tecnológica del Cibao Oriental, 2026.<br/>
504 ## - BIBLIOGRAPHY, ETC. NOTE
Bibliography, etc. note Incluye referencia bibliográfica e índice.<br/>
520 ## - SUMMARY, ETC.
Summary, etc. Este proyecto de investigación estuvo orientado a evaluar la vulnerabilidad sísmica de<br/>edificaciones ubicadas en zonas vulnerables del municipio de Cotuí, provincia Sánchez Ramírez,<br/>y a proponer soluciones de diseño sismorresistente conforme al Reglamento Sísmico Dominicano<br/>R-001. El estudio consideró las condiciones geológicas y constructivas propias de la zona.<br/>La metodología utilizada fue de enfoque cuantitativo, con un diseño no experimental y<br/>descriptivo, apoyada en investigación documental y de campo. La recolección de datos se realizó<br/>mediante un cuestionario aplicado a edificaciones seleccionadas, cuyos resultados permitieron<br/>identificar deficiencias estructurales relacionadas con la falta de criterios sismorresistentes y la<br/>antigüedad de las construcciones.<br/>A partir de los resultados obtenidos, se desarrolló una propuesta de diseño y modelado<br/>estructural utilizando software especializado, con el objetivo de mejorar el desempeño sísmico de<br/>las edificaciones y reducir el riesgo estructural, contribuyendo a la protección de vidas humanas
650 #4 - SUBJECT ADDED ENTRY--TOPICAL TERM
Topical term or geographic name entry element Diseño de estructura sismorresistente
700 1# - ADDED ENTRY--PERSONAL NAME
Personal name José Osvaldo Núñez Núñez
Relator term Sustentante
700 1# - ADDED ENTRY--PERSONAL NAME
Personal name Bryan Emmanuel Sánchez Vargas
Relator term Sustentante
700 1# - ADDED ENTRY--PERSONAL NAME
Personal name Luis Ángel Díaz Rosario
Relator term Sustentante
700 1# - ADDED ENTRY--PERSONAL NAME
Personal name Luis Manuel Núñez.
Relator term Asesor
830 ## - SERIES ADDED ENTRY--UNIFORM TITLE
Uniform title Tesis y disertaciones académicas (Universidad Tecnológica del Cibao Oriental)
856 ## - ELECTRONIC LOCATION AND ACCESS
Link text Haga Click Aquí para Descargar en Texto Completo
942 ## - ADDED ENTRY ELEMENTS (KOHA)
Source of classification or shelving scheme Dewey Decimal Classification
Koha item type Tesis
Existencias
Withdrawn status Lost status Source of classification or shelving scheme Damaged status Not for loan Collection code Home library Current library Shelving location Date acquired Inventory number Total Checkouts Full call number Barcode Date last seen Copy number Price effective from Koha item type
    Dewey Decimal Classification     e-Tesis (en CD) Biblioteca UTECO Biblioteca UTECO En Estantería 05/11/2026 24184   ING 2026 N85 24184 05/11/2026 Ej.1 05/11/2026 Tesis
© 2021 Derechos Reservados UTECO - Teléfono: +1 809-585-2291 - Correo electrónico: biblioteca@uteco.edu.do​  
Código postal 43000 ​​
Dirección: Avenida Universitaria No. 100, 
Cotuí, Provincia Sánchez Ramírez, República Dominicana - RNC: 404-00059-6